00381nam a22001097a 4500008004100000020001800041082001100059100005500070245008500125260005200210300000900262260530b |||||||| |||| 00| 0 eng d a9789381275139 a001907 aUpadhyaya, Lakshami Narayana and Nagasampige, A V aTattvodyota Prakaranam of Sri Madhvacarya with the Commentary of Sri Jayatirtha  aBangalorebPoorna Prajna Samshodhan Trustc2012 a731p